Представление документа в формате MARC21

Поле Инд. ПП Название Значение
Тип записи a
Библиографический уровень m
001 Контрольный номер b767f762-fb29-4db0-a76b-f8668f944bad
005 Дата корректировки 20131112063951.6
008 Кодируемые данные 000419 d
020 a ISBN 5-02-015090-8
c Цена, тираж 22.00
020 a ISBN 5-02-014368-5
040 a Служба первич. каталог. НБ ТвГУ
041 a Код языка текста rus
080 a Индекс УДК 53(075.8)
a Индекс УДК 537(075.8)
084 a Индекс другой классификации/Индекс ББК В3я731-1
a Индекс другой классификации/Индекс ББК В33я731-1
090 x Авторский знак С34
a Полочн. индекс В3
100 1_ a Автор Сивухин Дмитрий Васильевич
245 0_ a Заглавие Общий курс физики
n Номер части/ раздела Т. 3, ч. 2
p Название части/ раздела Электричество
b Продолж. заглавия Учеб. пособие для студентов физ. спец. вузов
c Ответственность Д.В. Сивухин
250 a Основные сведения об издании 3.изд., испр. и доп.
260 0_ a Место издания Москва
b Издательство Наука : Физматлит
c Дата издания 1996
300 a Объем 320 с.
b Иллюстрации/ тип воспроизводства ил.
504 a Библиография Имен., предм. указ.: с.315-320.
583 a Действие Получение впервые 31 09.02.2000
k Исполнитель действия Взамен утраченных
583 a Действие Приписка 132 18.04.2000
k Исполнитель действия Взамен утраченных
650 a Основная рубрика Физика
x Основная подрубрика Учебники для вузов
650 a Основная рубрика Электричество
653 a Ключевые слова Физика
a Ключевые слова Общая физика
a Ключевые слова Электричество
852 t Порядковый номер экземпляра 2
p Инвентарный номер 719523
p Инвентарный номер 721964
888 a Бесплатные
930 a Новая/Ретро учебники
952 p 31.2000 22.00 1 719523
p 132.2000 22.00 1 721964
c Вид литературы К ру
954 a Дата поступления на обработку 20000218
999 a Подразделение 2 Фил3